000 00521nam a2200181Ia 4500
003 IN-BaIIA
008 211028s9999 xx 000 0 eng d
040 _cIIA Library
080 _a53(03)
_bENC-XXV,2b
245 0 _aEncyclopedia of physics
_bvol. 25/26, light and matter 16
_cedited by S. Flugee
260 _aBerlin
_bSpringer-Verlag
_c1974
300 _axvii, 538p.
650 _a Encyclopedia-Physics
_98504
650 _a Physics 
650 _aNASA Thesaurus 
700 _aFlugge, S., ed.
_93091
942 _cBK
999 _c4782
_d4782